| 000 | 01133nam a2200205 a 4500 | ||
|---|---|---|---|
| 001 | 000000520 | ||
| 005 | 20200929145343.0 | ||
| 008 | 081122s1975 dr ab 000 0 spa d | ||
| 040 |
_aDO-SdBNP _bspa _cBNPHU |
||
| 082 |
_a972.9304 _bL557s |
||
| 100 | 1 |
_aLemonnier-Delafosse, J. B. _91715 |
|
| 245 | 1 | 0 |
_aSegunda campaña de Santo Domingo : _bguerra dominico-francesa de 1808 / _cJ.B. Lemonnier-Delafosse. |
| 260 |
_aSanto Domingo : _bEditora de Santo Domingo, _c1975. |
||
| 300 |
_a291 p. : _bil., map. ; _c23 cm. |
||
| 490 | 1 |
_aSociedad Dominicana de Bibliófilos _v12 |
|
| 500 | _aTraducido por el Lic. C. Armando Rodríguez | ||
| 505 | 0 |
_tAdvertencia del traductor -- _tSumario -- _tFuerza marítima de la expedición -- _tIntroducción -- _tRecuerdos históricos y sucintos de la primera campaña -- _tRelación completa de la segunda campaña -- _tOpinión sobre Toussaint -- _tApéndices -- _tNotas del autor -- _tNotas del traductor -- _tMapas -- _tÍndices -- _tÍndice de nombres -- _tÍndice de materias. |
|
| 651 | 4 |
_aRepública Dominicana _xHistoria- _xReconquista _y1808-1809 _91716 |
|
| 830 | 0 |
_aSociedad Dominicana de Bibliófilos _n12 _91717 |
|
| 999 |
_c518 _d518 |
||